000 00716nam a2200181Ia 4500
008 100921s9999 xx 000 0 und d
082 _b38447
_a891.463 न 04
100 _aरिक्टर कॉनराड,अनु,कुलकर्णी जी.ए.
245 _aरानातील प्रकाश.
260 _bउर्जा प्रकाशन,पुणे.
_c2004
300 _a125
_bकलाभारती वितरण,पुणे
365 _b90
520 _aललित-कादंबरी.
630 _aरानातील प्रकाश.
650 _aललित-कादंबरी.
730 _aरानातील प्रकाश.
942 _cBOOK
999 _c787560
_d787557